000 02676pam a2200661 cb4500
001 110254695X
003 DE-101
005 20250806135903.0
007 tu
008 160603s2016 gw ||||| |||| 00||||ger
015 _a18,A16
_z16,N23
_2dnb
016 7 _2DE-101
_a110254695X
020 _a9783959810579
_cBroschur : EUR 16.80 (DE), EUR 17.30 (AT)
020 _a3959810571
024 3 _a9783959810579
035 _a(DE-599)DNB110254695X
035 _a(OCoLC)1090112165
040 _a1245
_bger
_cDE-101
_d9999
_erda
041 _ager
_heng
044 _cXA-DE-BW
082 7 4 _83\p
_a741.5
_qDE-101
_223sdnb
100 1 _81\p
_0(DE-588)131594389
_0https://d-nb.info/gnd/131594389
_0(DE-101)131594389
_aLiu, Marjorie M.
_eVerfasser
_4aut
_2gnd
245 1 0 _aMonstress
_cMarjorie Liu, Text ; Sana Takeda, Zeichnungen ; Michael Schuster, Übersetzung
264 1 _aLudwigsburg
_bCross Cult
_cNovember 2016
300 _acirca 192 Seiten
_c24 cm
336 _aText
_btxt
_2rdacontent
336 _aunbewegtes Bild
_bsti
_2rdacontent
337 _aohne Hilfsmittel zu benutzen
_bn
_2rdamedia
338 _aBand
_bnc
_2rdacarrier
490 1 _aMonstress / Marjorie Liu
_vBand 1
653 _a(Produktform)Paperback / softback
653 _a(Produktform (spezifisch))Unsewn / adhesive bound
653 _aManga
653 _aMonstress
653 _aSteampunk
653 _a(VLB-WN)1181: Hardcover, Softcover / Belletristik/Comic, Cartoon, Humor, Satire/Comic
653 _a(BISAC Subject Heading)CGN004030
653 _aKaiju
653 _aJapan
653 _aFantasy
653 _aKatzen
653 _aFeministisch
653 _aEmanzipation
653 _aMythologie
653 _aMonster
653 _aFrau
653 _aArtwork
655 7 _0(DE-588)4010427-8
_0https://d-nb.info/gnd/4010427-8
_0(DE-101)040104273
_aComic
_2gnd-content
700 1 _0(DE-588)1150879483
_0https://d-nb.info/gnd/1150879483
_0(DE-101)1150879483
_aTakeda, Sana
_d1977-
_eKünstler
_4art
_2gnd
710 2 _82\p
_0(DE-588)1065438982
_0https://d-nb.info/gnd/1065438982
_0(DE-101)1065438982
_aCross Cult
_gFirma
_eVerlag
_4pbl
_2gnd
776 0 8 _iErscheint auch als
_nOnline-Ausgabe
_aLiu, Marjorie M.
_tMonstress 1
_dLudwigsburg : Cross Cult, 2016
_hOnline-Ressource
_w(DE-101)1120583101
_b1. Auflage
800 1 _aLiu, Marjorie M.
_4aut
_tMonstress
_vBand 1
_w(DE-101)1150879769
_911
_7am
883 1 _81\p
_auml
_d20220413
_qDE-101
_uhttps://d-nb.info/provenance/plan#uml
883 1 _82\p
_aadb
_d20211002
_qDE-101
_uhttps://d-nb.info/provenance/plan#adb
883 2 _83\p
_adnb
_d20180411
_qDE-101
_uhttps://d-nb.info/provenance/plan#dnb
942 _2ddc
_cBUCH
_n0
999 _c1335
_d1335